LIBRARY ONLINE CATALOGUE

Solid state physics / (Record no. 7649)

MARC details
000 -LEADER
fixed length control field 00721nam a22002292 4500
001 - CONTROL NUMBER
control field 0000008608
005 - DATE AND TIME OF LATEST TRANSACTION
control field 20151217152037.0
008 - FIXED-LENGTH DATA ELEMENTS--GENERAL INFORMATION
fixed length control field 080505s xx 000 0 eng d
020 ## - INTERNATIONAL STANDARD BOOK NUMBER
International Standard Book Number 9056992732 :
Terms of availability KES 1795
040 ## - CATALOGING SOURCE
Original cataloging agency KABU
Transcribing agency KABU
100 1# - MAIN ENTRY--PERSONAL NAME
Personal name Rogalski, Mircea S.
-- 0000156982
245 10 - TITLE STATEMENT
Title Solid state physics /
Statement of responsibility, etc. Mircea S. Rogalski, Stuart B. Palmer.
260 ## - PUBLICATION, DISTRIBUTION, ETC. (IMPRINT)
Place of publication, distribution, etc. Amsterdam :
Name of publisher, distributor, etc. OPA,
Date of publication, distribution, etc. 2000.
300 ## - PHYSICAL DESCRIPTION
Extent x, 467 p.
650 #0 - SUBJECT ADDED ENTRY--TOPICAL TERM
Topical term or geographic name as entry element Solid state physics.
-- 0000153875
700 1# - ADDED ENTRY--PERSONAL NAME
Personal name Palmer, Stuart B.
-- 0000156983
908 ## - PUT COMMAND PARAMETER (RLIN)
Put command parameter 080505
950 ## - LOCAL HOLDINGS (RLIN)
-- 1
Holdings
Withdrawn status Lost status Source of classification or shelving scheme Not for loan Home library Current library Date acquired Total Checkouts Full call number Barcode Date last seen Price effective from Koha item type Total Renewals Date last checked out
    Library of Congress Classification   Kabarak, Main Campus Kabarak, Main Campus 17/12/2015   QC176 .R64 008815 17/12/2015 17/12/2015 General Collection    
    Library of Congress Classification   Kabarak, Main Campus Kabarak, Main Campus 17/12/2015 2 QC176 .R64 008814 09/10/2023 17/12/2015 General Collection 1 08/09/2023
    Library of Congress Classification   Kabarak, Main Campus Kabarak, Main Campus 17/12/2015   QC176 .R64 008813 17/12/2015 17/12/2015 General Collection